La Femme nouvelle.

Saved in:

Format: Journal

Language: French

Subjects:

Tags: Add Tag

No Tags, Be the first to tag this record!

Call Number: ( R )( J )AP26 .F45

LEADER 00759nas a2200253Ia 4500
003 OSt
005 20260602115436.0
008 130303c19479999ua a g p 000 0 fre d
010 |a 51032827 
043 |a f-ua--- 
050 4 |a ( R )( J )AP26 .F45 
130 0 |a Femme nouvelle (Cairo, Egypt) 
245 1 3 |a La Femme nouvelle. 
264 1 |a Le Caire :  |b S.O.P. Presse (Société orientale de publicité),  |c 1947- 
300 |a volumes :  |b illustrations (some color) ;  |c 28-31 cm 
310 |a Semiannual 
336 |a text  |b txt  |2 rdacontent 
337 |a unmediated  |b n  |2 rdamedia 
338 |a volume  |b nc  |2 rdacarrier 
362 0 |a number 1 (December 1947)- 
650 0 |a Women  |z Egypt  |v Periodicals. 
651 0 |a Egypt  |v Periodicals 
942 |c JL  |2 lcc 
999 |c 28195  |d 28195